Statistics for Scrambled Words

Click here to take the quiz!

General Stats

  • This quiz has been taken 308 times
  • The average score is 16 of 20

Answer Stats

ScrabledHintWord% Correct
ueqenFemale Rulerqueen
98%
feathrParental Figurefather
96%
eotpType of Writerpoet
96%
reblgamPlayes Games for Moneygambler
95%
bazerAfrican Animalzebra
94%
peabalhtSet of Lettersalphabet
91%
loggegsType of Eyeglassesgoggles
90%
etlhoType of Buildinghotel
90%
steracsFemale that Performsactress
86%
ogroernvPerson in Authoritygovernor
86%
psawmArea of Groundswamp
85%
hunregFeeling of Discomforthunger
84%
leanptAstronomical Bodyplanet
82%
ndkrpepiaAbducterkidnapper
67%
rfelteiCapable of Producingfertile
66%
eucrtpomA Devicecomputer
65%
laiglorPrimategorilla
61%
dolatipmType of Officialdiplomat
59%
ypolplloType of Confectionerylollypop
59%
sdriyntuEconomic Activityindustry
32%

Score Distribution

Percentile by Number Answered

Percent of People with Each Score

Your Score History

You have not taken this quiz